05700 2202689 4500001002100000005001500021035002000036007000300056008004100059020002200100082001100122084001700133100005200150245011200202300002900314500003700343650001800380264007800398336002100476337003000497338002300527990001200550990001200562990001200574990001200586990001200598990001200610990001200622990001200634990001200646990001200658990001200670990001200682990001200694990001200706990001200718990001200730990001200742990001200754990001200766990001200778990001200790990001200802990001200814990001200826990001200838990001200850990001200862990001200874990001200886990001200898990001200910990001200922990001200934990001200946990001200958990001200970990001200982990001200994990001201006990001201018990001201030990001201042990001201054990001201066990001201078990001201090990001201102990001201114990001201126990001201138990001201150990001201162990001201174990001201186990001201198990001201210990001201222990001201234990001201246990001201258990001201270990001201282990001201294990001201306990001201318990001201330990001201342990001201354990001201366990001201378990001201390990001201402990001201414990001201426990001201438990001201450990001201462990001201474990001201486990001201498990001201510990001201522990001201534990001201546990001201558990001201570990001201582990001201594990001201606990001201618990001201630990001201642990001201654990001201666990001201678990001201690990001201702990001201714990001201726990001201738990001201750990001201762990001201774990001201786990001201798990001201810990001201822990001201834990001201846990001201858990001201870990001201882990001201894990001201906990001201918990001201930990001201942990001201954990001201966990001201978990001201990990001202002990001202014990001202026990001202038990001202050990001202062990001202074990001202086990001202098990001202110990001202122990001202134990001202146990001202158990001202170990001202182990001202194990001202206990001202218990001202230990001202242990001202254990001202266990001202278990001202290990001202302990001202314990001202326990001202338990001202350990001202362990001202374990001202386990001202398990001202410990001202422990001202434990001202446990001202458990001202470990001202482990001202494990001202506990001202518990001202530990001202542990001202554990001202566990001202578990001202590990001202602990001202614990001202626990001202638990001202650990001202662990001202674990001202686990001202698990001202710990001202722990001202734990001202746990001202758990001202770990001202782990001202794990001202806990001202818990001202830990001202842990001202854990001202866990001202878990001202890990001202902990001202914990001202926990001202938990001202950990001202962990001202974990001202986990001202998INLIS00000000000034120240131012843 a0010-0124000003ta240131 0 ind  a978-602-427-042-1 a297.73 a297.73 KEM p0 aKementrian Pendidikan dan KebudayaanePengarang1 aPendidikan Agama Islam dan Budi Pekerti :bSMA/MA/SMK/MAK Kelas XII /cKementrian Pendidikan dan Kebudayaan a304 hlm :bilus ;c21 cm aKurikulum 2013 Edisi Revisi 2018 4aAgama - Islam aJakarta :bKementrian Pendidikan dan Kebudayaan Republik Indonesia,c2018 2rdacontentateks 2rdamediaatanpa perantara 2rdacarrieravolume a19.0778 a19.0779 a19.0780 a19.0781 a19.0782 a19.0783 a19.0784 a19.0785 a19.0786 a19.0787 a19.0788 a19.0789 a19.0790 a19.0791 a19.0792 a19.0793 a19.0794 a19.0795 a19.0796 a19.0797 a19.0798 a19.0799 a19.0800 a19.0801 a19.0802 a19.0803 a19.0804 a19.0805 a19.0806 a19.0807 a19.0808 a19.0809 a19.0810 a19.0811 a19.0812 a19.0813 a19.0814 a19.0815 a19.0816 a19.0817 a19.0818 a19.0819 a19.0820 a19.0821 a19.0822 a19.0823 a19.0824 a19.0825 a19.0826 a19.0827 a19.0828 a19.0829 a19.0830 a19.0831 a19.0832 a19.0833 a19.0834 a19.0835 a19.0836 a19.0837 a19.0838 a19.0839 a19.0840 a19.0841 a19.0842 a19.0843 a19.0844 a19.0845 a19.0846 a19.0847 a19.0848 a19.0849 a19.0850 a19.0851 a19.0852 a19.0853 a19.0854 a19.0855 a19.0856 a19.0857 a19.0858 a19.0859 a19.0860 a19.0861 a19.0862 a19.0863 a19.0864 a19.0865 a19.0866 a19.0867 a19.0868 a19.0869 a19.0870 a19.0871 a19.0872 a19.0873 a19.0874 a19.0875 a19.0876 a19.0877 a19.0878 a19.0879 a19.0880 a19.0881 a19.0882 a19.0883 a19.0884 a19.0885 a19.0886 a19.0887 a19.0888 a19.0889 a19.0890 a19.0891 a19.0892 a19.0893 a19.0894 a19.0895 a19.0896 a19.0897 a19.0898 a19.0899 a19.0900 a19.0901 a19.0902 a19.0903 a19.0904 a19.0905 a19.0906 a19.0907 a19.0908 a19.0909 a19.0910 a19.0911 a19.0912 a19.0913 a19.0914 a19.0915 a19.0916 a19.0917 a19.0918 a19.0919 a19.0920 a19.0921 a19.0922 a19.0923 a19.0924 a19.0925 a19.0926 a19.0927 a19.0928 a19.0929 a19.0930 a19.0931 a19.0932 a19.0933 a19.0934 a19.0935 a19.0936 a19.1455 a19.1456 a19.1457 a19.1458 a19.1459 a19.1460 a19.1461 a19.1462 a19.1463 a19.1464 a19.1465 a19.1466 a19.1467 a19.1468 a19.1469 a19.1470 a19.1471 a19.1472 a19.1473 a19.1474 a19.1475 a19.1476 a19.1477 a19.1478 a19.1479 a19.1480 a19.1481 a19.1482 a19.1483 a19.1484 a19.1485 a19.1486 a19.1487 a19.1488 a19.1489 a19.1490 a19.1491 a19.1492 a19.1493 a19.1494 a19.1495 a19.1496 a19.1497 a19.1498 a19.1499 a19.1500